000 00828nam a2200217 a 4500
001 000939775
003 AM-YeHGA
005 20250617161417.0
008 130111s1955 ||||||||||||||||||||rus d
040 _aAM-YeHGA
041 0 _arus
245 0 0 _aВопросы патогенеза и иммунологии вирусных инфекций /
_cПод ред. А.А. Смородинцева .
260 _a[Ленинград] :
_bМедгиз. Ленингр. отд-ние,
_c1955.
300 _a480 с. :
_bил., табл.
650 1 4 _aВирусные инфекции
650 1 4 _aМеханизмы противовирусного иммунитета
650 1 4 _aБактериофаги
650 1 4 _aВакцинация
700 1 _aСмородинцев, А.А.
_eред.
_4edt
090 _c474370
999 _c471113
_d471113